[Event "Wch FIDE Online U18 Asia qual"]
[Site "Tornelo INT"]
[Date "2020.12.12"]
[Round "3"]
[White "Aldabergenov, Alrami"]
[Black "Neelash, Saha"]
[Result "0-1"]
[WhiteElo "2242"]
[BlackElo "2413"]
[PlyCount "120"]
[EventDate "2020.12.11"]
[EventType "swiss (rapid)"]
[EventRounds "7"]
[EventCountry "ISS"]
[SourceTitle "EXT 2022"]
[Source "ChessBase"]
[SourceDate "2021.10.06"]
[SourceVersion "1"]
[SourceVersionDate "2021.10.06"]
[SourceQuality "1"]

1. e4 e6 2. Qe2 c5 3. Nf3 Nc6 4. g3 g6 5. Bg2 Bg7 6. 0-0 Nge7 7. e5 0-0 8. d3 d6 9. exd6 Qxd6 10. Nc3 b6 11. Bf4 Qd8 12. Nb5 Nd5 13. Bg5 f6 14. Bd2 e5 15. Nc3 Be6 16. h4 h5 17. a3 Rc8 18. Rfc1 Nde7 19. b4 Qd7 20. bxc5 bxc5 21. Ne4 Nd4 22. Nxd4 cxd4 23. Bb4 Bg4 24. Qd2 Rfd8 25. Nc5 Qb5 26. a4 Qb6 27. a5 Qb5 28. Nb7 Rd7 29. Nd6 Rxd6 30. Bxd6 Nd5 31. a6 Nc3 32. Re1 Qd7 33. Bb4 Kh7 34. Bxc3 Rxc3 35. Reb1 Qc8 36. Rb7 Rxc2 37. Qe1 Qc5 38. Qb4 Qxb4 39. Rxb4 Bc8 40. Rb7 Bxb7 41. axb7 Rb2 42. Rxa7 e4 43. Bxe4 f5 44. Bf3 Kh6 45. Ra6 Be5 46. Kg2 Kg7 47. Bd5 Rb5 48. Bc6 Rb3 49. Ra8 Kf6 50. Re8 Bc7 51. Rc8 Be5 52. Bd5 Rb5 53. Bf3 Rb3 54. Rc6+ Kg7 55. Re6 Bb8 56. Re8 Bd6 57. Bd5 Rb5 58. Bc6 Rb6 59. Rd8 Be5 60. f4 Bf6 0-1

[Event "Wch FIDE Online U18 Asia qual"]
[Site "Tornelo INT"]
[Date "2020.12.12"]
[Round "4"]
[White "Nikookar, Mahdi"]
[Black "Aldabergenov, Alrami"]
[Result "1-0"]
[WhiteElo "2239"]
[BlackElo "2242"]
[PlyCount "91"]
[EventDate "2020.12.11"]
[EventType "swiss (rapid)"]
[EventRounds "7"]
[EventCountry "ISS"]
[SourceTitle "EXT 2022"]
[Source "ChessBase"]
[SourceDate "2021.10.06"]
[SourceVersion "1"]
[SourceVersionDate "2021.10.06"]
[SourceQuality "1"]

1. d4 Nf6 2. c4 e6 3. Nf3 d5 4. Nc3 Bb4 5. Qa4+ Nc6 6. e3 0-0 7. a3 Bxc3+ 8. bxc3 Bd7 9. Qc2 Na5 10. cxd5 exd5 11. Bd3 a6 12. a4 Re8 13. 0-0 Ne4 14. Ne5 Nf6 15. Ba3 Be6 16. Rab1 Qc8 17. c4 Nxc4 18. Nxc4 dxc4 19. Bxc4 Bxc4 20. Qxc4 c6 21. a5 Qd7 22. Qb3 Rab8 23. Bc5 Nd5 24. Ba7 Ra8 25. Bc5 Rab8 26. Rfe1 Qc7 27. Qa3 Rbc8 28. e4 Nf6 29. f3 Qd7 30. Re3 h5 31. Reb3 Rb8 32. Bd6 Rbd8 33. e5 Nd5 34. Rxb7 Qf5 35. Qc1 Nf4 36. Qd2 h4 37. Re1 Nd5 38. Rbb1 Qg6 39. Qf2 h3 40. g3 Rc8 41. f4 Qf5 42. Qe2 Ra8 43. Bc5 Nc3 44. Qb2 Nxb1 45. Qxb1 Rab8 46. Qxf5 1-0

[Event "Astana op"]
[Site "Astana"]
[Date "2019.07.09"]
[Round "1"]
[White "Aldabergenov, Alrami"]
[Black "Sivuk, Vitaly"]
[Result "0-1"]
[WhiteElo "2126"]
[BlackElo "2546"]
[PlyCount "88"]
[EventDate "2019.07.09"]
[EventType "swiss"]
[EventRounds "9"]
[EventCountry "KAZ"]
[SourceTitle "EXT 2020"]
[Source "ChessBase"]
[SourceDate "2019.10.17"]
[SourceVersion "1"]
[SourceVersionDate "2019.10.17"]
[SourceQuality "1"]

1. Nf3 Nf6 2. c4 b6 3. g3 c5 4. Bg2 Bb7 5. 0-0 g6 6. Nc3 Bg7 7. d4 cxd4 8. Nxd4 Bxg2 9. Kxg2 Qc8 10. b3 Qb7+ 11. Kg1 0-0 12. Bb2 d5 13. cxd5 Nxd5 14. Nxd5 Qxd5 15. Rc1 Qb7 16. Qc2 Na6 17. Rfd1 Rac8 18. Qb1 Nc5 19. Nf3 f6 20. Bd4 Bh6 21. Rc2 Ne4 22. Rxc8 Rxc8 23. Qd3 Kf7 24. Bb2 Qc6 25. Nd4 Qd5 26. Nb5 Qxd3 27. Rxd3 Rc2 28. Ba3 a6 29. Rd7 Bf8 30. Nc7 Rxa2 31. Bb4 a5 32. Be1 Ra1 33. Kf1 Nc5 34. Rd2 Rb1 35. Rc2 Nxb3 36. e3 e6 37. Ke2 a4 38. Nb5 a3 39. Nc3 Rxe1+ 40. Kxe1 Bb4 41. Ke2 Bxc3 42. Kd3 Bb2 43. Rc7+ Ke8 44. Ra7 a2 0-1

[Event "Pavlodar op"]
[Site "Pavlodar"]
[Date "2017.11.23"]
[Round "4"]
[White "Aldabergenov, Alrami"]
[Black "Gnusarev, Pavel"]
[Result "1/2-1/2"]
[WhiteElo "1990"]
[BlackElo "2313"]
[PlyCount "46"]
[EventDate "2017.11.21"]
[EventType "swiss"]
[EventRounds "9"]
[EventCountry "KAZ"]
[SourceTitle "EXT 2019"]
[Source "ChessBase"]
[SourceDate "2018.10.10"]
[SourceVersion "1"]
[SourceVersionDate "2018.10.10"]
[SourceQuality "1"]

1. e4 c5 2. Nf3 e6 3. d4 cxd4 4. Nxd4 a6 5. Bd3 Nf6 6. Nc3 d6 7. 0-0 Nbd7 8. f4 b5 9. Kh1 Bb7 10. Qe1 Nc5 11. f5 e5 12. Nb3 Be7 13. Bg5 Nfd7 14. Bxe7 Qxe7 15. Na5 Nf6 16. b4 Nxd3 17. cxd3 Rc8 18. a4 bxa4 19. Nxa4 0-0 20. Qd2 Rc7 21. Rfc1 Rfc8 22. Nb6 Rxc1+ 23. Rxc1 Rc7 1/2-1/2